L'ordre équestre a l'époque republicaine

Збережено в:
Бібліографічні деталі
Автор: Nicolet, Claude (auteur)
Формат: Книга
Мова:Французька
Опубліковано: París Boccard 1974
Серія:Bibliothèque des Ecoles Francaises D'Athenes et de Rome
Предмети:
Теги: Додати тег
Немає тегів, Будьте першим, хто поставить тег для цього запису!

MARC

LEADER 00000nam a2200000 a 4500
001 UCP9424
003 CL-VaPUC
008 000324e19740000FR |||||||||||||||||fre|d
082 0 4 |a 937.02  |b NIC  |2 21 
100 |a Nicolet, Claude  |e auteur  |9 439994 
245 1 2 |a L'ordre équestre a l'époque republicaine 
300 |a 2 v 
942 |c BK 
945 |d 20000324 00:00:00  |a rherrera 
260 |a París  |b Boccard  |c 1974 
500 |a v.1: Définitions Juridiques et Estructures Sociales 
500 |a v.2: Prosopographie des chevaliers romains 
650 0 |a Historia antigua  |9 267521 
650 7 |a ROMA  |2 CL-VaPUC  |9 317375 
650 7 |a EJERCITO ROMANO  |2 CL-VaPUC  |9 439995 
650 7 |a INSTITUCIONES MILITARES  |2 CL-VaPUC  |9 434610 
583 |a last modification  |c 20000324 00:00:00  |k Rodrigo Vera 
490 0 |a Bibliothèque des Ecoles Francaises D'Athenes et de Rome 
999 |c 286237  |d 286235 
952 |0 0  |1 0  |4 0  |6 937_020000000000000_NIC_1974  |7 0  |8 A  |9 331749  |a BIBHIS  |b BIBHIS  |d 2019-11-20  |h v.1  |i 1389742  |o 937.02 NIC 1974  |p 1389742  |r 2025-01-20  |w 2019-11-20  |y BK  |k HIS 
952 |0 0  |1 0  |4 0  |6 937_020000000000000_NIC_1974  |7 0  |8 A  |9 331750  |a BIBHIS  |b BIBHIS  |d 2019-11-20  |h v.2  |i 1389858  |o 937.02 NIC 1974  |p 1389858  |r 2025-01-20  |w 2019-11-20  |y BK  |k HIS